01477cam a2200325 a 450000100100000000500170001000800410002701000150006802000150008304000180009808200180011610000380013424501320017226000580030430000210036244000540038350400330043765000690047065000610053965000600060065000500066065000520071065000720076265000710083465000370090570000390094291000340098195201210101599900150113600000278320240312122410.0060920s2006 sp b 001 p spa  a2006493813 a8479088532 aDO-SdBNPcDLC a861.09bA367r1 aAlemany Bay, Carmen,d1964-9877310aResidencia en la poesía :bpoetas latinoaméricanos del siglo XX. /cCarmen Alemany Bay ; prólogo de José Carlos Rovira. aAlicante, España :bUniversidad de Alicante,c2006. a310 p. ;c18 cm. 0aCuadernos de América sin nombre ;vno. 1397436 aBibliografías: p. 305-307. 4aPoesía latinoaméricanaxHistoria y críticaySIGLO XX98774 4aPoetas hispanoaméricanosySIGLO XXvBIOGRAFÍAS98775 4aPoetas latinoaméricanosySIGLO XXvBIOGRAFÍAS98776 4aPoesía latinoaméricanavCOLECCIONES98777 4aPoesía hispanoaméricanosvCOLECCIONES98778 4aLiteratura hispanoaméricanaxHistoria y críticaySIGLO XX98779 4aLiteratura latinoaméricanaxHistoria y críticaySIGLO XX98780 0aLiteratura Latinoamericana987811 aRovira, José Carloseprol.97439 aCatalogación por copia / LC 001052708MOaGRbGRcCTd2009-07-14iLF1l0o861.09 A367rp2783-10r2020-06-25w2020-06-25y2ZPréstamo interno c2617d2617